| 000 | 02332cam a2200373 i 4500 | ||
|---|---|---|---|
| 003 | SA-RiAUC | ||
| 005 | 20250910133459.0 | ||
| 008 | 250907s2001 su a g f00000 ara c | ||
| 020 | _a9960693708 | ||
| 020 | _a9999606937081 | ||
| 024 | 0 | _a00000000828709 | |
| 040 |
_aSA-RiAUC _bara _cSA-RiAUC _dAE-DuMBRL _erda |
||
| 043 |
_aa-su--- _aawgz--- |
||
| 050 | 4 | _bH37 2001 | |
| 050 | 4 | _b.H37 2001 | |
| 082 | 0 | 4 |
_a327.5310569 _qSA-RiAUC |
| 090 |
_a327.5310569 _bح ر ي |
||
| 100 | 1 |
_aالحريري، صالح جمال، _dحوالي 1921-1980 _eمؤلف. |
|
| 245 | 1 | 2 |
_aالجيش السعودي في فلسطين / _cصالح جمال الحريري. |
| 250 | _aالطبعة الثانية. | ||
| 264 | 1 |
_aالرياض : _bدارة الملك عبد العزيز، _c2001. |
|
| 300 |
_a107 صفحة : _bإيضاحيات ؛ _c24 × 17 سم. |
||
| 336 |
_aنص _btxt _2rdacontent _3كتاب |
||
| 337 |
_aبدون وسيط _bn _2rdamedia |
||
| 338 |
_aمجلد _bnc _2rdacarrier |
||
| 490 | 0 |
_aإصدارات دارة الملك عبد العزيز ؛ _v109 |
|
| 500 | _aطبع هذا الكتاب عام 1369 هـ / 1950 م وأعادت دارة الملك عبد العزيز طبعة عن الأصل بمناسبة انعقاد ندوة المملكة العربية السعودية وفلسطين بمدينة الرياض 1422 هـ / 2000 م. | ||
| 520 | _aيعرض الكتاب مشاركة الجيش السعودي في الدفاع عن فلسطين، وخوضه عددا من المعارك في الخطوط الأمامية، وتعاون الجيش السعودي والمصري بصورة لافتة، وقد رصد الكتاب أخبارا عن الجيش السعودي وأفراده ولقاءتهم بعدد من المسؤلين وتضمن خطابات ومقالات وقصائد لعدد من منسوبية، كما حوى مجموعة نادرة من الصور عن الجيش ومشاركتة، وصورا لأفراده من الضباط والجنود الذين شاركوا في حرب 1367-1368هـ. | ||
| 650 | 7 |
_aالحروب العربية الإسرائيلية _2aucsh |
|
| 650 | 7 |
_aالعلاقات الخارجية _2aucsh |
|
| 651 | 7 |
_aالسعودية _xقوات مسلحة _2aucsh |
|
| 942 |
_2ddc _cBOOK _n0 |
||
| 949 |
_aSA-JeALM _d250907 _umohamedma123 _n1 |
||
| 999 |
_c11595 _d11595 |
||